Score 0/25 Timer 08:00
1 Play Today
% Correct
Baking
95.9%
Bragging
95.3%
Balancing
95.2%
Brushing
92.5%
Bashing
92.4%
Bathing
91.7%
Bubbling
90.6%
Burning
90.3%
Blinking
89.7%
Breathing
89.5%
Blow Drying
89.4%
Bicycling
89%
Bowing
88.8%
% Correct
Bursting
88.3%
Blooming
88.1%
Bunting
87.7%
Begging
87.6%
Biting
87.1%
Bending
84.6%
Burping
81.8%
Baptizing
78.5%
Bouncing
78.2%
Bumping
74.7%
Booing
73.4%
Bawling
55.3%
Remove Ads.
Support Sporcle.
Get the best of Sporcle when you Go Orange. This ad-free experience offers more features, more stats, and more fun while also helping to support Sporcle. Thank you for becoming a member.

You're not logged in!

Compare scores with friends on all Sporcle quizzes.
OR
Log In

Show Comments

Extras

Top Quizzes Today


Score Distribution

Your Account Isn't Verified!

In order to create a playlist on Sporcle, you need to verify the email address you used during registration. Go to your Sporcle Settings to finish the process.

Report this User

Report this user for behavior that violates our Community Guidelines.

Details: